Kalauz a versértelmezéshez

Elmentve itt :
Bibliográfiai részletek
Szerző: Baranyai Zsolt
Dokumentumtípus: Cikk
Megjelent: 1993
Sorozat:Szemiotikai szövegtan
Kulcsszavak:Bene Kálmán, Verstan magyar könyvismertetés
Online Access:http://acta.bibl.u-szeged.hu/35581
LEADER 00610nab a2200181 i 4500
001 acta35581
005 20210722121248.0
008 161017s1993 hu o 0|| hun d
022 |a 0865-5960 
040 |a SZTE Egyetemi Kiadványok Repozitórium  |b hun 
041 |a hun 
100 1 |a Baranyai Zsolt 
245 1 0 |a Kalauz a versértelmezéshez  |h [elektronikus dokumentum] /  |c  Baranyai Zsolt 
260 |c 1993 
300 |a 265-268 
490 0 |a Szemiotikai szövegtan 
695 |a Bene Kálmán, Verstan magyar könyvismertetés 
856 4 0 |u http://acta.bibl.u-szeged.hu/35581/1/szemiotikai_006_265-268.pdf  |z Dokumentum-elérés